[Event "Baku Jafarov Memorial"]
[Site "Baku"]
[Date "2017.01.09"]
[Round "8.1"]
[White "Yevseev, Denis"]
[Black "Idrisov, Tebriz Arif Oglu"]
[Result "1-0"]
[WhiteElo "2525"]
[BlackElo "2307"]
[PlyCount "63"]
[EventDate "2017.01.04"]
[EventType "team-schev"]
[EventRounds "9"]
[EventCountry "AZE"]
[SourceTitle "CBM 176 Extra"]
[Source "ChessBase"]
[SourceDate "2017.03.02"]
[SourceVersion "1"]
[SourceVersionDate "2017.03.02"]
[SourceQuality "1"]
[WhiteTeam "Experts"]
[BlackTeam "Caspian"]
[WhiteTeamCountry "AZE"]
[BlackTeamCountry "AZE"]

1. c4 Nf6 2. g3 e6 3. Bg2 d5 4. Nf3 Be7 5. d4 0-0 6. 0-0 c6 7. Nc3 Nbd7 8. Qd3 b6 9. Rd1 Ba6 10. b3 Rc8 11. e4 dxe4 12. Nxe4 Nxe4 13. Qxe4 b5 14. Qc2 bxc4 15. bxc4 Nb6 16. Ne5 Qe8 17. Rb1 c5 18. d5 exd5 19. cxd5 Bf6 20. Nc6 Nxd5 21. Bxd5 Rxc6 22. Bf4 Rb6 23. Qxc5 Qe2 24. Re1 Rxb1 25. Rxb1 g5 26. Be3 Qd3 27. Re1 Bc3 28. Be4 Qxe4 29. Qxf8+ Kxf8 30. Bc5+ Kg7 31. Rxe4 Bb5 32. Bxa7 1-0

[Event "Baku Jafarov Memorial"]
[Site "Baku"]
[Date "2017.01.05"]
[Round "3.3"]
[White "Idrisov, Tebriz Arif Oglu"]
[Black "Muradli, Mahammad"]
[Result "0-1"]
[WhiteElo "2307"]
[BlackElo "2257"]
[PlyCount "80"]
[EventDate "2017.01.04"]
[EventType "team-schev"]
[EventRounds "9"]
[EventCountry "AZE"]
[SourceTitle "CBM 176 Extra"]
[Source "ChessBase"]
[SourceDate "2017.03.02"]
[SourceVersion "1"]
[SourceVersionDate "2017.03.02"]
[SourceQuality "1"]
[WhiteTeam "Caspian"]
[BlackTeam "Young Stars"]
[WhiteTeamCountry "AZE"]
[BlackTeamCountry "AZE"]

1. d4 g6 2. Nf3 Bg7 3. c3 d5 4. Bg5 Nf6 5. Nbd2 0-0 6. e3 b6 7. a4 c5 8. Be2 Nc6 9. 0-0 h6 10. Bh4 g5 11. Bg3 Nh5 12. Qc2 Nxg3 13. hxg3 Bb7 14. Rad1 e6 15. dxc5 bxc5 16. e4 d4 17. Nc4 Qc7 18. Na3 e5 19. Rfe1 Qe7 20. Nd2 Bc8 21. g4 Be6 22. Nac4 Rab8 23. Nf1 Qc7 24. Rc1 Rfc8 25. Nfd2 Rb7 26. Nb3 Bf8 27. Nbd2 Rcb8 28. Rb1 Na5 29. Nxa5 Qxa5 30. Nc4 Qc7 31. Rec1 Bg7 32. Rd1 Rb3 33. Nd2 R3b7 34. Nc4 Rd8 35. f3 Rbb8 36. Bd3 Bf8 37. Kf2 f6 38. Qe2 Rdc8 39. Rdc1 Qf7 40. Qc2 Bxc4 0-1

[Event "Baku op"]
[Site "Baku"]
[Date "2016.09.21"]
[Round "4"]
[White "Alavi, Sayed Javad"]
[Black "Idrisov, Tebriz Arif Oglu"]
[Result "0-1"]
[WhiteElo "2453"]
[BlackElo "2289"]
[PlyCount "68"]
[EventDate "2016.09.18"]
[EventType "swiss"]
[EventRounds "9"]
[EventCountry "AZE"]
[SourceTitle "CBM 174 Extra"]
[Source "ChessBase"]
[SourceDate "2016.10.10"]
[SourceVersion "1"]
[SourceVersionDate "2016.10.10"]
[SourceQuality "1"]

1. e4 c5 2. Nf3 d6 3. d4 cxd4 4. Nxd4 Nf6 5. Nc3 a6 6. Be3 e5 7. Nb3 Be6 8. f3 Nbd7 9. Qd2 Rc8 10. g4 Qc7 11. g5 Nh5 12. 0-0-0 Be7 13. Kb1 Nb6 14. Na5 0-0 15. Qf2 Na4 16. Nxa4 Qxa5 17. b3 b5 18. Nb6 Rc6 19. Nd5 Bxd5 20. exd5 Rc3 21. Rd3 Nf4 22. Rxc3 Qxc3 23. Qd2 Nxd5 24. Bd3 Qc6 25. Kb2 Nxe3 26. Qxe3 g6 27. Rd1 d5 28. Qxe5 Re8 29. Kb1 Bf8 30. Qf4 Bg7 31. Qd2 Bc3 32. Qf4 Qc5 33. Bf1 Re3 34. b4 Bxb4 0-1

[Event "Baku op"]
[Site "Baku"]
[Date "2016.09.19"]
[Round "2"]
[White "Abdulla, Khayala Mardan Qizi"]
[Black "Idrisov, Tebriz Arif Oglu"]
[Result "1/2-1/2"]
[WhiteElo "2214"]
[BlackElo "2289"]
[PlyCount "141"]
[EventDate "2016.09.18"]
[EventType "swiss"]
[EventRounds "9"]
[EventCountry "AZE"]
[SourceTitle "CBM 174 Extra"]
[Source "ChessBase"]
[SourceDate "2016.10.10"]
[SourceVersion "1"]
[SourceVersionDate "2016.10.10"]
[SourceQuality "1"]

1. e4 c5 2. Nf3 d6 3. d4 cxd4 4. Nxd4 Nf6 5. Nc3 a6 6. Be2 e5 7. Nb3 Be6 8. Be3 Be7 9. Nd5 Nxd5 10. exd5 Bf5 11. Qd2 Nd7 12. 0-0 0-0 13. c4 a5 14. a4 Bg6 15. Kh1 Qc7 16. Rfd1 b6 17. f4 Bf6 18. fxe5 Bxe5 19. Bd4 Rfe8 20. Bxe5 Rxe5 21. Nd4 Rae8 22. Nb5 Qd8 23. Nd4 Re3 24. Bg4 Rd3 25. Qf2 Ne5 26. Be2 Rxd1+ 27. Rxd1 Qe7 28. h3 h6 29. Bf1 Nd7 30. Nc6 Qe3 31. Qxe3 Rxe3 32. Nd4 Nc5 33. Nb5 Nxa4 34. Nxd6 Nxb2 35. Rd2 Na4 36. Kg1 Kf8 37. Ra2 Nc5 38. Nc8 Rb3 39. d6 Bf5 40. Ne7 Bd7 41. Be2 Ne4 42. Nd5 Nxd6 43. c5 bxc5 44. Rxa5 Rb1+ 45. Kh2 Re1 46. Ra8+ Ne8 47. Nb6 Bc6 48. Rc8 Bb7 49. Rb8 Rxe2 50. Rxb7 Nf6 51. Rc7 Re5 52. Nc4 Rd5 53. Nb6 Rh5 54. Rc8+ Ke7 55. Rc7+ Ke6 56. Rc6+ Ke5 57. Rxc5+ Kf4 58. Rxh5 Nxh5 59. Nd5+ Ke4 60. Nc3+ Kd4 61. Nb5+ Ke5 62. g4 Nf4 63. Kg3 g5 64. Nc3 Kd4 65. Nb5+ Ke5 66. Nc3 f5 67. gxf5 Kxf5 68. Nb5 h5 69. Nd6+ Ke5 70. Nf7+ Kf6 71. Nd6 1/2-1/2

[Event "Baku op"]
[Site "Baku"]
[Date "2016.09.18"]
[Round "1"]
[White "Idrisov, Tebriz Arif Oglu"]
[Black "Golubov, Saveliy"]
[Result "0-1"]
[WhiteElo "2289"]
[BlackElo "2481"]
[PlyCount "74"]
[EventDate "2016.09.18"]
[EventType "swiss"]
[EventRounds "9"]
[EventCountry "AZE"]
[SourceTitle "CBM 174 Extra"]
[Source "ChessBase"]
[SourceDate "2016.10.10"]
[SourceVersion "1"]
[SourceVersionDate "2016.10.10"]
[SourceQuality "1"]

1. d4 Nf6 2. c4 g6 3. Nc3 Bg7 4. e4 d6 5. f3 0-0 6. Be3 c5 7. d5 e6 8. Nge2 exd5 9. cxd5 a6 10. a4 Nbd7 11. Ng3 h5 12. Be2 h4 13. Nf1 h3 14. g4 Nh7 15. Ng3 Qe7 16. Qd2 Re8 17. 0-0 Ne5 18. Kh1 Bd7 19. Qd1 b5 20. axb5 axb5 21. Nxb5 Rxa1 22. Qxa1 Bxb5 23. Bxb5 Rb8 24. Be2 Rb3 25. Bc1 Nd3 26. Bxd3 Rxd3 27. Qa8+ Nf8 28. Qa6 Rb3 29. Qc8 Bxb2 30. Bh6 Bg7 31. g5 Bxh6 32. gxh6 Qh4 33. h7+ Qxh7 34. Qd8 Qg7 35. Qxd6 Qb2 36. Rg1 Qf2 37. Qf4 Rb1 0-1

[Event "Nakhchivan op"]
[Site "Nakhchivan"]
[Date "2016.05.18"]
[Round "9"]
[White "Rasulov, Vugar Ural Oglu"]
[Black "Idrisov, Tebriz Arif Oglu"]
[Result "1-0"]
[WhiteElo "2486"]
[BlackElo "2273"]
[PlyCount "61"]
[EventDate "2016.05.10"]
[EventType "swiss"]
[EventRounds "9"]
[EventCountry "AZE"]
[SourceTitle "CBM 172 Extra"]
[Source "ChessBase"]
[SourceDate "2016.06.21"]
[SourceVersion "1"]
[SourceVersionDate "2016.06.21"]
[SourceQuality "1"]

1. e4 d6 2. d4 g6 3. Nc3 Bg7 4. Bg5 c6 5. Qd2 b5 6. f4 Nf6 7. Bd3 0-0 8. a3 a6 9. Nf3 Nbd7 10. e5 Ne8 11. 0-0 Nb6 12. Ne4 Ra7 13. Rae1 Bf5 14. Qa5 Qb8 15. b3 f6 16. Bh4 Nd5 17. Bg3 Bh6 18. Nh4 Bxe4 19. Bxe4 fxe5 20. Bxd5+ cxd5 21. dxe5 Qc8 22. a4 Qc5+ 23. Bf2 d4 24. b4 Qc4 25. axb5 Qxb5 26. Qa2+ d5 27. Bxd4 Ra8 28. Bc5 Nc7 29. g3 Rae8 30. f5 Bd2 31. c4 1-0

[Event "Nakhchivan op"]
[Site "Nakhchivan"]
[Date "2016.05.14"]
[Round "5"]
[White "Fataliyeva, Ulviyya Hasil Qizi"]
[Black "Idrisov, Tebriz Arif Oglu"]
[Result "0-1"]
[WhiteElo "2301"]
[BlackElo "2273"]
[PlyCount "109"]
[EventDate "2016.05.10"]
[EventType "swiss"]
[EventRounds "9"]
[EventCountry "AZE"]
[SourceTitle "CBM 172 Extra"]
[Source "ChessBase"]
[SourceDate "2016.06.21"]
[SourceVersion "1"]
[SourceVersionDate "2016.06.21"]
[SourceQuality "1"]

1. e4 d6 2. d4 g6 3. Nc3 Bg7 4. Be3 c6 5. Be2 b5 6. a3 a6 7. f4 Nf6 8. e5 Nd5 9. Nxd5 cxd5 10. Bf3 e6 11. Qd2 Nc6 12. Ne2 a5 13. Nc3 Ba6 14. Be2 Qb6 15. a4 bxa4 16. Nxa4 Qc7 17. Ra3 0-0 18. 0-0 Bxe2 19. Qxe2 f6 20. exd6 Qxd6 21. c4 dxc4 22. Qxc4 f5 23. Rd1 Nb4 24. Nc5 Rfe8 25. Bf2 Nd5 26. g3 h5 27. Rda1 Nb6 28. Qd3 h4 29. gxh4 Nd5 30. Qc4 Nxf4 31. Rf3 Nd5 32. Nb7 Qa6 33. Qxa6 Rxa6 34. Rxa5 Rb6 35. Nc5 Kf7 36. b3 Rb4 37. Ra4 Reb8 38. Ra7+ Ne7 39. Nxe6 Bf6 40. Ng5+ Kg8 41. Rd7 R4b7 42. Rd6 Rb6 43. Re6 Bxg5 44. Rxb6 Rxb6 45. hxg5 Nd5 46. Bg3 Rc6 47. Be5 Kf7 48. Rf1 Rc3 49. Rb1 Nb4 50. Bf6 f4 51. Kf2 Nd5 52. Be5 Ke6 53. Rb2 Kf5 54. b4 Ne3 55. b5 0-1

[Event "Nakhchivan op"]
[Site "Nakhchivan"]
[Date "2016.05.13"]
[Round "4"]
[White "Idrisov, Tebriz Arif Oglu"]
[Black "Ahmadzada, Ahmad Samir"]
[Result "1-0"]
[WhiteElo "2273"]
[BlackElo "2207"]
[PlyCount "111"]
[EventDate "2016.05.10"]
[EventType "swiss"]
[EventRounds "9"]
[EventCountry "AZE"]
[SourceTitle "CBM 172 Extra"]
[Source "ChessBase"]
[SourceDate "2016.06.21"]
[SourceVersion "1"]
[SourceVersionDate "2016.06.21"]
[SourceQuality "1"]

1. Nf3 Nf6 2. d4 e6 3. e3 b6 4. Bd3 Bb7 5. Nbd2 d5 6. 0-0 Bd6 7. b3 0-0 8. Bb2 Ne4 9. c4 Nd7 10. Qc2 f5 11. cxd5 exd5 12. Ne5 Nxd2 13. Qxd2 Nxe5 14. dxe5 Be7 15. Rad1 Qc8 16. Qe2 c5 17. f4 Qc6 18. Qc2 Qg6 19. Rf3 h5 20. Rg3 Qe6 21. Rf3 g6 22. Rf2 Rad8 23. Rfd2 Bc6 24. a4 a5 25. Be2 Rd7 26. Bf3 Rfd8 27. h3 h4 28. Kh2 Kf7 29. Be2 Bb7 30. e4 dxe4 31. Rxd7 Rxd7 32. Bc4 Bd5 33. Rxd5 Rxd5 34. b4 Kf8 35. Qb3 Rd3 36. Bxe6 Rxb3 37. Bxb3 cxb4 38. Kg1 Bc5+ 39. Kf1 Ke7 40. Ke2 Bg1 41. Bc1 Bc5 42. Bd2 Kd7 43. Be1 Be7 44. Bf2 Kc6 45. Bf7 g5 46. fxg5 Bxg5 47. Bc4 f4 48. Bd4 Be7 49. e6 Bd8 50. Be5 Bg5 51. Bb5+ Kd5 52. Bxf4 Bf6 53. Be3 Bd8 54. Bxb6 b3 55. Kd1 Bg5 56. Bxa5 1-0

[Event "Nakhchivan op"]
[Site "Nakhchivan"]
[Date "2016.05.10"]
[Round "1"]
[White "Mirzoev, Azer"]
[Black "Idrisov, Tebriz Arif Oglu"]
[Result "1-0"]
[WhiteElo "2510"]
[BlackElo "2273"]
[PlyCount "105"]
[EventDate "2016.05.10"]
[EventType "swiss"]
[EventRounds "9"]
[EventCountry "AZE"]
[SourceTitle "CBM 172 Extra"]
[Source "ChessBase"]
[SourceDate "2016.06.21"]
[SourceVersion "1"]
[SourceVersionDate "2016.06.21"]
[SourceQuality "1"]

1. d4 c5 2. d5 e5 3. e4 d6 4. Nc3 Be7 5. Nf3 a6 6. a4 Bg4 7. Be2 Bxf3 8. Bxf3 Bg5 9. 0-0 Bxc1 10. Qxc1 Ne7 11. g3 0-0 12. Bg2 Nd7 13. Qd2 Qa5 14. Qd3 Qb4 15. a5 c4 16. Qe2 Nc5 17. Ra2 f5 18. Qe1 Rf7 19. Na4 Qxe1 20. Rxe1 Nxe4 21. Nb6 Raf8 22. c3 Nf6 23. Nxc4 Rd8 24. Nb6 Nd7 25. Nc4 Nf6 26. Rd1 g5 27. b4 e4 28. Nb6 Nc8 29. Na4 Rc7 30. Bf1 f4 31. c4 Ne7 32. c5 Nexd5 33. Bc4 dxc5 34. Nxc5 Kf7 35. Rad2 Rxc5 36. bxc5 Ke6 37. Rb2 Rd7 38. c6 bxc6 39. Bxa6 Ra7 40. Bc8+ Kd6 41. a6 e3 42. fxe3 fxe3 43. Bb7 Ne4 44. Kf1 Nec3 45. Ra1 h6 46. Ke1 Kc5 47. Ra5+ Kc4 48. Bxc6 Nb4 49. Bb5+ Nxb5 50. Ra4 Nc3 51. Rbxb4+ Kd3 52. Rb7 Ra8 53. Ra3 1-0